000 00943nmm a2200325 a 4500
003 AR-BaBNM
005 20251128205903.0
008 038019s1996 ||||||||||||||000 | spa||
020 _a84-86475-52-X
040 _cAR-BaBNM
245 1 0 _aLa educación infantil 0-6 años
_borganización escolar
_n3
250 _a3ª ed.
260 _aBarcelona
_bPaidotribo
_c1996
300 0 _a173 p.
_bil.
504 _aBibliografía al final de cada capítulo
650 4 _aORGANIZACION ESCOLAR
650 4 _aEDUCACION ESPECIAL
650 4 _aROL DEL DOCENTE
650 4 _aMATERIAL DIDACTICO
650 4 _aRELACION FAMILIA-ESCUELA
650 4 _aEVALUACION FORMATIVA
653 0 _aEDUCACION INICIAL
653 0 _aJARDINES DE INFANTES
653 0 _aJARDINES MATERNALES
653 0 _aNINOS DE APRENDIZAJE LENTO
653 0 _aESTRATEGIAS EDUCATIVAS
700 1 _aLleixá Arribas, Teresa
_ecoordinador
942 _cBK
998 _cCarmen
999 _c13157
_d13157